000 00345nam a2200169Ia 4500
100 _aSitaram/Dinkar
650 _aCloud computing
942 _cBK
366 _f25
654 _acloud
245 _aMoving to the cloud
260 _bElsevier
_c2012
082 _a4.65
_bSIT
300 _a448
546 _aENGLISH
_cComputers
999 _c32068
_d32068